000 00477nmm a2200157Ia 4500
008 251105s9999||||xx |||||||||||||||||und||
020 _a9789562845465
041 _aspa
100 _aBenítez, Hermes
245 0 _aEinstein y la religión :
_b Un estudio sobre ciencia y creencia
264 _a[Santiago de Chile, Chile] :
_bRil editores,
_c2007
300 _a160 páginas
650 _aReligion(s)
856 _uhttps://public.digitaliapublishing.com/a/29703
942 _cCF
999 _c94395
_d94395